[Event "FICS rated blitz game"]
[Site "FICS freechess.org"]
[Date "2018.01.21"]
[Round "?"]
[White "fabiuscu"]
[Black "taichimantide"]
[Result "0-1"]
[WhiteElo "1074"]
[BlackElo "1348"]
[PlyCount "66"]
[EventDate "2018.??.??"]
[EventType "blitz"]

1. e4 e5 2. Nf3 Nc6 3. c3 Bc5 4. b4 Bb6 5. a4 a5 6. b5 Na7 7. c4 Qf6 8. Nc3 c6
9. d3 Ne7 10. Bg5 Qe6 11. h4 O-O 12. g3 d5 13. Bh3 Qg6 14. Bf5 Nxf5 15. exf5
Bxf5 16. Nxe5 Qd6 17. Bf4 Rae8 18. O-O Rxe5 19. Bxe5 Qxe5 20. Re1 Qxc3 21. Rc1
Qd4 22. Re7 Qxf2+ 23. Kh1 Bc5 24. Re2 Qxg3 25. Qg1 Bxg1 26. Rxg1 Qxh4+ 27. Rh2
Qf6 28. b6 Nc8 29. c5 Bxd3 30. Rd1 Be4+ 31. Kg1 Qf3 32. Rf2 Qxd1+ 33. Kh2 Qh1+
{White resigns} 0-1

[Event "FICS rated blitz game"]
[Site "FICS freechess.org"]
[Date "2018.01.21"]
[Round "?"]
[White "lukapav"]
[Black "CALBOT"]
[Result "1-0"]
[WhiteElo "1422"]
[BlackElo "1413"]
[PlyCount "107"]
[EventDate "2018.??.??"]
[EventType "blitz"]

1. e4 e5 2. Nf3 Nc6 3. c3 Nf6 4. d3 h6 5. Be2 d5 6. Qc2 dxe4 7. dxe4 Bc5 8. h3
O-O 9. O-O Qe7 10. a4 a5 11. Nbd2 Be6 12. Nb3 Rad8 13. Nxc5 Qxc5 14. Be3 Qe7
15. Rad1 Nh7 16. Nd2 f5 17. f3 f4 18. Bf2 Qg5 19. Kh2 Nf6 20. Bc4 Bxc4 21. Nxc4
Nh5 22. Rxd8 Rxd8 23. Rd1 Ng3 24. Rxd8+ Nxd8 25. Qd3 Ne6 26. Qd5 Qg6 27. Nxe5
Nf1+ 28. Kg1 c6 29. Qd6 Qe8 30. Ng4 Ng3 31. b4 axb4 32. cxb4 h5 33. Ne5 Ne2+
34. Kh2 Nc3 35. a5 Nb5 36. Qd7 Qxd7 37. Nxd7 Kf7 38. Nc5 Nd8 39. Bh4 Ne6 40.
Nxb7 g5 41. Bf2 Ke7 42. a6 Kd7 43. a7 Nxa7 44. Bxa7 Kc7 45. Nc5 Nd4 46. Na6+
Kb7 47. Bxd4 Kxa6 48. Bf6 g4 49. hxg4 hxg4 50. fxg4 Kb5 51. Be7 Kc4 52. g5 Kd4
53. g6 Kxe4 54. g7 {Black resigns} 1-0

[Event "FICS rated blitz game"]
[Site "FICS freechess.org"]
[Date "2018.01.21"]
[Round "?"]
[White "JoaoC"]
[Black "Pushkin"]
[Result "0-1"]
[WhiteElo "1475"]
[BlackElo "1454"]
[PlyCount "118"]
[EventDate "2018.??.??"]
[EventType "blitz"]

1. e4 e5 2. Nf3 Nc6 3. c3 d6 4. Be2 Nf6 5. d3 d5 6. Nbd2 dxe4 7. Nxe4 Nxe4 8.
dxe4 Qxd1+ 9. Bxd1 Bc5 10. O-O Bg4 11. h3 Bh5 12. g4 Bg6 13. Bc2 O-O-O 14. b4
Be7 15. b5 Nb8 16. Nxe5 Bf6 17. Nxg6 hxg6 18. Bb3 Rxh3 19. Kg2 Rxc3 20. Bb2 Rc5
21. Bxf6 gxf6 22. Bxf7 Rxb5 23. Bxg6 Rg5 24. Bf5+ Nd7 25. f4 Rg7 26. Kf3 Rgg8
27. Rfd1 c6 28. Rd2 Kc7 29. Bxd7 Rxd7 30. Rxd7+ Kxd7 31. Rh1 Rg7 32. Rh6 Ke7
33. f5 b5 34. Kf4 c5 35. Rh4 c4 36. Rh3 a5 37. Rg3 b4 38. Ke3 Kd6 39. Kd4 c3
40. Kd3 Ke5 41. a3 bxa3 42. Kxc3 a4 43. Kb4 a2 44. Ra3 Rxg4 45. Kxa4 Rxe4+ 46.
Kb5 Re2 47. Kc4 Kxf5 48. Kd3 Rf2 49. Ke3 Rh2 50. Kd4 Kf4 51. Kd5 f5 52. Ke6
Re2+ 53. Kf6 Rf2 54. Kg6 Kg4 55. Kf6 f4 56. Ke5 f3 57. Ke4 Kg3 58. Ke3 Re2+ 59.
Kd3 Kg2 {White resigns} 0-1

[Event "FICS rated blitz game"]
[Site "FICS freechess.org"]
[Date "2018.01.21"]
[Round "?"]
[White "fabiuscu"]
[Black "gincoolness"]
[Result "0-1"]
[WhiteElo "1071"]
[BlackElo "1352"]
[PlyCount "110"]
[EventDate "2018.??.??"]
[EventType "blitz"]

1. e4 e5 2. Nf3 Nc6 3. c3 d5 4. d3 f5 5. Nbd2 f4 6. b4 b5 7. a4 Bd7 8. axb5
Nce7 9. Qa4 Nf6 10. Nxe5 a6 11. Nxd7 Qxd7 12. bxa6 Qxa4 13. Rxa4 Ng6 14. b5 Bc5
15. Ba3 Bxa3 16. Rxa3 O-O 17. Nb3 dxe4 18. d4 e3 19. f3 Nd7 20. Bc4+ Kh8 21.
O-O Nb6 22. Be6 Rfe8 23. Bg4 e2 24. Re1 Nc4 25. Ra4 Ne3 26. Rxe2 Nd1 27. Rxe8+
Rxe8 28. h3 Nxc3 29. Rc4 Nxb5 30. Nc5 c6 31. Nd7 Ra8 32. Rxc6 Ne7 33. Re6 Nd5
34. Re5 Ndc7 35. Nc5 g5 36. Bd7 Nxd4 37. Bc6 Ra7 38. Bb7 h6 39. Re7 Nd5 40.
Re8+ Kg7 41. Bxd5 Ne2+ 42. Kf2 Nd4 43. Rg8+ Kh7 44. Rb8 Nf5 45. Rb7+ Rxb7 46.
Bxb7 Nd6 47. a7 Nxb7 48. a8=Q Nxc5 49. Qa5 Ne6 50. Qf5+ Kg7 51. Qxe6 h5 52.
Qe7+ Kg6 53. Qe8+ Kf6 54. Qxh5 Kf5 55. Qf7+ Ke5 0-1

[Event "FICS rated blitz game"]
[Site "FICS freechess.org"]
[Date "2018.01.21"]
[Round "?"]
[White "SargonV"]
[Black "lderas"]
[Result "0-1"]
[WhiteElo "1544"]
[BlackElo "1103"]
[PlyCount "36"]
[EventDate "2018.??.??"]
[EventType "blitz"]

1. e4 e5 2. Nf3 Nc6 3. c3 Bc5 4. d4 exd4 5. cxd4 Bb4+ 6. Nc3 Nf6 7. d5 Nxe4 8.
Qe2 O-O 9. dxc6 Re8 10. Be3 Nxc3 11. a3 Nxe2+ 12. axb4 Nf4 13. Bc4 dxc6 14. Rd1
Qf6 15. O-O Nh3+ 16. Kh1 Nf4 17. Bd4 Qg6 18. Ne5 Qxg2# {White checkmated} 0-1

[Event "FICS rated blitz game"]
[Site "FICS freechess.org"]
[Date "2018.01.21"]
[Round "?"]
[White "jsssstplayinn"]
[Black "chessbridge"]
[Result "1-0"]
[WhiteElo "1601"]
[BlackElo "1618"]
[PlyCount "61"]
[EventDate "2018.??.??"]
[EventType "blitz"]

1. e4 e5 2. Nf3 Nc6 3. c3 Nf6 4. d4 d5 5. dxe5 Nxe4 6. Be2 Bc5 7. O-O O-O 8. c4
dxc4 9. Bxc4 Qxd1 10. Rxd1 Nxf2 11. Rd5 Nd3+ 12. Rxc5 Nxc5 13. Be3 Ne6 14. Nc3
Bd7 15. Rd1 Rfd8 16. Rf1 Nf8 17. Ne4 Be6 18. Bb5 Ne7 19. Bg5 Nfg6 20. h4 h6 21.
Be3 c6 22. Ba4 Nd5 23. Bf2 Ngf4 24. Nd6 Nd3 25. Nxb7 Nxf2 26. Nxd8 Ne4 27. Nxe6
fxe6 28. Bxc6 Rc8 29. Bd7 Ne3 30. Re1 Nc5 31. Bxc8 {Black resigns} 1-0

[Event "FICS rated blitz game"]
[Site "FICS freechess.org"]
[Date "2018.01.21"]
[Round "?"]
[White "BiH"]
[Black "Vukasin"]
[Result "0-1"]
[WhiteElo "1569"]
[BlackElo "1721"]
[PlyCount "78"]
[EventDate "2018.??.??"]
[EventType "blitz"]

1. e4 e5 2. Nf3 Nc6 3. c3 Bc5 4. d4 exd4 5. cxd4 Bb6 6. Nc3 d6 7. h3 h6 8. Bb5
Bd7 9. Be3 Nge7 10. Qa4 O-O 11. d5 Bxe3 12. fxe3 a6 13. dxc6 axb5 14. Qxb5 Bxc6
15. Qd3 Ng6 16. O-O Qe7 17. Nd5 Qd7 18. Qc3 Rae8 19. Qd4 Re6 20. Rad1 Rfe8 21.
Nd2 Re5 22. Rf2 Nf8 23. Rdf1 f6 24. Rf3 Ne6 25. Qc4 Bb5 26. Qb3 Bxf1 27. Rxf1
Kh8 28. Rf3 Nc5 29. Qc2 Nxe4 30. Nxe4 Rxe4 31. Nxc7 Rxe3 32. Nxe8 Rxe8 33. Qg6
Rf8 34. Re3 d5 35. Rd3 Re8 36. Kf2 Re5 37. Rg3 Qe7 38. Kg1 d4 39. Kh2 Re3 0-1

[Event "FICS rated blitz game"]
[Site "FICS freechess.org"]
[Date "2018.01.21"]
[Round "?"]
[White "chintar"]
[Black "HSKHKU"]
[Result "0-1"]
[WhiteElo "1499"]
[BlackElo "1531"]
[PlyCount "106"]
[EventDate "2018.??.??"]
[EventType "blitz"]

1. e4 e5 2. Nf3 Nc6 3. c3 a6 4. Be2 d6 5. O-O Bg4 6. d4 exd4 7. Nxd4 Bxe2 8.
Qxe2 Nxd4 9. cxd4 h6 10. Nc3 Nf6 11. e5 dxe5 12. Qxe5+ Be7 13. d5 Qd6 14. Qf5
O-O 15. Bf4 Qc5 16. Rad1 Bd6 17. Be3 Qb4 18. Bd4 Be7 19. Rd3 Qd6 20. Rg3 Rae8
21. Qh3 Kh7 22. Bxf6 Bxf6 23. Ne4 Qe5 24. f3 Rd8 25. Qg4 Rxd5 26. Nxf6+ Qxf6
27. Qe4+ Rf5 28. Rg4 g6 29. Qxb7 Qb6+ 30. Qxb6 cxb6 31. b3 Rc8 32. Rc4 Rxc4 33.
bxc4 Rc5 34. Rc1 b5 35. Rd1 bxc4 36. Kf2 c3 37. Ke3 c2 38. Rc1 a5 39. Kd3 a4
40. Rxc2 Rb5 41. Rc7 Kg7 42. Kc2 a3 43. Kc1 Rb2 44. Ra7 Rxa2 45. h3 Rxg2 46.
Rxa3 Rg3 47. h4 Rh3 48. Kd2 Rxh4 49. Ke2 Rd4 50. Kf2 Rd6 51. Kg3 h5 52. Ra7 Rd4
53. Ra5 Rd3 0-1

[Event "FICS rated standard game"]
[Site "FICS freechess.org"]
[Date "2018.01.21"]
[Round "?"]
[White "TheMadWhig"]
[Black "nukslim"]
[Result "0-1"]
[WhiteElo "1724"]
[BlackElo "1681"]
[PlyCount "80"]
[EventDate "2018.??.??"]

1. e4 e5 2. Nf3 Nc6 3. c3 Nf6 4. Bd3 a5 5. O-O Bc5 6. Bc2 d6 7. h3 h6 8. Re1
O-O 9. d4 exd4 10. cxd4 Bb4 11. Bd2 Re8 12. Nc3 Bxc3 13. bxc3 Bd7 14. Bf4 b5
15. a3 b4 16. axb4 axb4 17. Rxa8 Qxa8 18. c4 Qa3 19. Re3 Qa7 20. Qd3 g6 21.
Bxh6 Nh7 22. Bf4 f5 23. e5 dxe5 24. dxe5 Be6 25. Bg5 Nxg5 26. Nxg5 Nxe5 27.
Rxe5 Qa1+ 28. Qd1 Qxe5 29. Nxe6 Qxe6 30. Qd5 Qxd5 31. cxd5 Re2 32. Bb3 Rb2 33.
Bc4 Kf8 34. g4 fxg4 35. hxg4 g5 36. Kg2 Ke7 37. Kf3 Kf6 38. Ke3 Ke5 39. f3 Rc2
40. Bb3 Rc3+ {White resigns} 0-1

[Event "FICS rated blitz game"]
[Site "FICS freechess.org"]
[Date "2018.01.21"]
[Round "?"]
[White "martinlondon"]
[Black "bipedo"]
[Result "1-0"]
[WhiteElo "1490"]
[BlackElo "1529"]
[PlyCount "69"]
[EventDate "2018.??.??"]
[EventType "blitz"]

1. e4 e5 2. Nf3 Nc6 3. c3 Nf6 4. Qc2 d5 5. d3 dxe4 6. dxe4 Bc5 7. h3 O-O 8. Bg5
Be7 9. Bb5 Bd7 10. Bxc6 Bxc6 11. Bxf6 Bxf6 12. Nbd2 Qd6 13. O-O-O Rad8 14. Nc4
Qc5 15. Ne3 b5 16. Kb1 a5 17. Nd2 Bg5 18. Nb3 Qb6 19. Nf1 a4 20. Nbd2 b4 21. f3
bxc3 22. Qxc3 Bb5 23. h4 Rd3 24. Qc2 Bh6 25. g4 Bf4 26. Nc4 Bxc4 27. Rxd3 Bxd3
28. Qxd3 c5 29. Nd2 Rd8 30. Nc4 Rxd3 31. Nxb6 a3 32. Nc4 Rxf3 33. bxa3 Rg3 34.
a4 Rxg4 35. a5 1-0

[Event "FICS rated blitz game"]
[Site "FICS freechess.org"]
[Date "2018.01.21"]
[Round "?"]
[White "Feestt"]
[Black "sdarjee"]
[Result "1-0"]
[WhiteElo "1160"]
[BlackElo "1186"]
[PlyCount "93"]
[EventDate "2018.??.??"]
[EventType "blitz"]

1. e4 e5 2. Nf3 Nc6 3. c3 d5 4. exd5 Qxd5 5. Be2 e4 6. c4 Qd8 7. Ng1 Nf6 8. Nc3
a6 9. d3 exd3 10. Qxd3 Be6 11. Nf3 Be7 12. O-O O-O 13. Ne4 Nxe4 14. Qxe4 Qc8
15. Ng5 Bxg5 16. Bxg5 f6 17. Bh4 f5 18. Qd3 Ne5 19. Qg3 Nxc4 20. Bxc4 Bxc4 21.
Rfe1 Rf7 22. Qf4 Bd5 23. b3 c6 24. Re7 Rxe7 25. Bxe7 Qd7 26. Bh4 Re8 27. f3 Qf7
28. Re1 Rxe1+ 29. Bxe1 h6 30. Qb8+ Kh7 31. Qf4 g5 32. Qd2 f4 33. Qd3+ Qg6 34.
Qxg6+ Kxg6 35. h3 h5 36. Kf2 Kf5 37. g3 b6 38. Bd2 fxg3+ 39. Kxg3 h4+ 40. Kf2
a5 41. Bc3 a4 42. bxa4 Bxa2 43. Ke3 Bb3 44. a5 bxa5 45. Bxa5 Bd5 46. Bd2 c5 47.
Kf2 1-0

[Event "FICS rated lightning game"]
[Site "FICS freechess.org"]
[Date "2018.01.21"]
[Round "?"]
[White "Staples"]
[Black "Crim"]
[Result "0-1"]
[WhiteElo "1677"]
[BlackElo "1886"]
[PlyCount "66"]
[EventDate "2018.??.??"]

1. e4 e5 2. c3 Nc6 3. Nf3 f5 4. Bc4 Nf6 5. Qb3 fxe4 6. Ng5 d5 7. Bb5 h6 8.
Bxc6+ bxc6 9. Nh3 Bxh3 10. gxh3 Bd6 11. d3 exd3 12. Qa4 Qd7 13. Be3 O-O 14. Nd2
Qxh3 15. O-O-O c5 16. Qb5 d4 17. cxd4 exd4 18. Bxd4 cxd4 19. Kb1 Rab8 20. Qc4+
Kh8 21. Rhg1 Qd7 22. Nf3 Qb5 23. Qxb5 Rxb5 24. Nxd4 Rd5 25. Ne6 Rf7 26. Nf4
Bxf4 27. Rge1 d2 28. Re2 Rfd7 29. Kc2 Ng4 30. Re8+ Kh7 31. Rf8 Rc5+ 32. Kb3 Bg5
33. Rf4 Bxf4 {White resigns} 0-1

[Event "FICS rated blitz game"]
[Site "FICS freechess.org"]
[Date "2018.01.21"]
[Round "?"]
[White "peterjobacker"]
[Black "gojets"]
[Result "0-1"]
[WhiteElo "1519"]
[BlackElo "1654"]
[PlyCount "80"]
[EventDate "2018.??.??"]
[EventType "blitz"]

1. e4 e5 2. Nf3 Nc6 3. c3 d6 4. d4 exd4 5. cxd4 Be7 6. Bd3 Nf6 7. O-O O-O 8.
Nc3 Bg4 9. Be2 a6 10. a3 b5 11. Qd3 Nb8 12. h3 Bh5 13. Nh2 Bxe2 14. Qxe2 Nbd7
15. Qf3 c5 16. Be3 cxd4 17. Bxd4 Ne5 18. Qe2 Nfd7 19. f4 Nc6 20. Be3 Bf6 21.
Rac1 Re8 22. Ng4 Bd4 23. Bxd4 Nxd4 24. Qd3 Nb3 25. Rce1 Ndc5 26. Qc2 Qb6 27.
Kh1 a5 28. Nd5 Qc6 29. f5 a4 30. Nh6+ Kf8 31. Nxf7 Kxf7 32. f6 g6 33. Ne7 Qd7
34. e5 dxe5 35. Rxe5 Rac8 36. Qf2 Nd3 37. Qh4 Nxe5 38. Qxh7+ Ke6 39. Re1 Rxe7
40. fxe7 Qxe7 0-1

[Event "FICS rated blitz game"]
[Site "FICS freechess.org"]
[Date "2018.01.21"]
[Round "?"]
[White "seved"]
[Black "pmiral"]
[Result "1-0"]
[WhiteElo "1550"]
[BlackElo "1642"]
[PlyCount "61"]
[EventDate "2018.??.??"]
[EventType "blitz"]

1. e4 e5 2. Nf3 Nc6 3. c3 Bc5 4. d4 exd4 5. cxd4 Bb4+ 6. Nc3 d6 7. Bd3 Nf6 8.
h3 Bd7 9. Be3 O-O 10. Qc2 Re8 11. O-O h6 12. Ne2 Ba5 13. a3 Bb6 14. b4 a6 15.
Rac1 Rc8 16. Rfe1 Ne7 17. Ng3 Ng6 18. e5 dxe5 19. Bxg6 fxg6 20. dxe5 Bxe3 21.
Rxe3 Nd5 22. Qxg6 Nxe3 23. fxe3 Re6 24. Qe4 Bc6 25. Rxc6 bxc6 26. Qg4 Qd1+ 27.
Kh2 Rf8 28. Qxe6+ Kh8 29. Qg4 Qd3 30. Nh5 Qd7 31. Qxd7 {Black resigns} 1-0

[Event "FICS rated blitz game"]
[Site "FICS freechess.org"]
[Date "2018.01.21"]
[Round "?"]
[White "montanya"]
[Black "hersra"]
[Result "1-0"]
[WhiteElo "1439"]
[BlackElo "1387"]
[PlyCount "97"]
[EventDate "2018.??.??"]
[EventType "blitz"]

1. e4 e5 2. Nf3 Nc6 3. c3 Nf6 4. d3 d6 5. Bg5 Be7 6. b4 Be6 7. b5 Nb8 8. Qa4
Bd7 9. c4 Na6 10. Qa5 Nc5 11. Be3 b6 12. Qb4 d5 13. Qb2 d4 14. Bg5 Ng4 15. Qd2
h5 16. Bxe7 Qxe7 17. h3 Nf6 18. Qg5 g6 19. Nxe5 O-O-O 20. f4 Ne6 21. Qg3 Rdg8
22. Nxd7 Kxd7 23. Be2 Nc5 24. e5 Ne8 25. Qf2 Ne6 26. g4 hxg4 27. Bxg4 Qb4+ 28.
Nd2 Kd8 29. Bxe6 fxe6 30. Qxd4+ Kc8 31. Ke2 Rh4 32. Rab1 Qe7 33. Nf3 Rh5 34.
Ng5 Rgh8 35. a4 Ng7 36. Qe4 Nf5 37. Qa8+ Kd7 38. Qc6+ Kc8 39. Qa8+ Kd7 40. Qf3
Nd4+ 41. Ke3 Nxf3 42. Kxf3 Rxh3+ 43. Nxh3 Rxh3+ 44. Rxh3 Qc5 45. Rg1 Kc8 46.
Rxg6 Kb7 47. Rxe6 Qd4 48. Ke2 Qb2+ 49. Ke3 1-0

[Event "FICS rated blitz game"]
[Site "FICS freechess.org"]
[Date "2018.01.21"]
[Round "?"]
[White "Staples"]
[Black "Albertzav"]
[Result "0-1"]
[WhiteElo "1630"]
[BlackElo "1651"]
[PlyCount "48"]
[EventDate "2018.??.??"]
[EventType "blitz"]

1. e4 e5 2. c3 Nc6 3. Nf3 d6 4. Bc4 Bg4 5. Bxf7+ Kxf7 6. Qb3+ Ke8 7. Qxb7 Bd7
8. Qb3 Rb8 9. Qc2 Nf6 10. d3 Be7 11. b4 Kf7 12. Qb3+ Kf8 13. Ng5 Qe8 14. Ne6+
Bxe6 15. Qxe6 Qf7 16. Qf5 g6 17. Qf3 Kg7 18. Bh6+ Kxh6 19. Qe3+ g5 20. h4 Ng4
21. hxg5+ Kg6 22. Qh3 Qxf2+ 23. Kd1 Ne3+ 24. Kc1 Qc2# {White checkmated} 0-1

[Event "FICS rated blitz game"]
[Site "FICS freechess.org"]
[Date "2018.01.21"]
[Round "?"]
[White "Tensecterror"]
[Black "franx"]
[Result "0-1"]
[WhiteElo "1324"]
[BlackElo "1323"]
[PlyCount "86"]
[EventDate "2018.??.??"]
[EventType "blitz"]

1. e4 e5 2. Nf3 Nc6 3. c3 Nf6 4. d4 exd4 5. e5 Ne4 6. cxd4 d5 7. Bb5 Bb4+ 8.
Bd2 Nxd2 9. Nbxd2 O-O 10. Bxc6 bxc6 11. O-O Bf5 12. Nb3 a5 13. Nc5 Bg4 14. h3
Bh5 15. a3 Bxc5 16. dxc5 Re8 17. Qd3 Bxf3 18. Qxf3 Rxe5 19. Rfe1 Qe8 20. Rxe5
Qxe5 21. Qb3 Qe2 22. Qb7 Re8 23. Rb1 Qe7 24. Qxc6 d4 25. Qb5 Ra8 26. c6 Qe4 27.
Qb7 Qxb1+ 28. Kh2 Re8 29. Qxc7 d3 30. Qd7 Rf8 31. c7 Qc2 32. Qd8 d2 33. Qd7
d1=Q 34. c8=Q Qxc8 35. Qxd1 Rd8 36. Qa4 Qc7+ 37. g3 h6 38. Kg2 Qb7+ 39. Kh2 Rd2
40. Qf4 Rd1 41. f3 g5 42. Qg4 Rd2+ 43. Kg1 Qb6+ {White resigns} 0-1

[Event "FICS rated blitz game"]
[Site "FICS freechess.org"]
[Date "2018.01.21"]
[Round "?"]
[White "RADACK"]
[Black "kalu"]
[Result "1-0"]
[WhiteElo "1521"]
[BlackElo "1560"]
[PlyCount "41"]
[EventDate "2018.??.??"]
[EventType "blitz"]

1. e4 e5 2. Nf3 Nc6 3. c3 Nf6 4. Qc2 d5 5. exd5 Qxd5 6. d4 exd4 7. cxd4 Nxd4 8.
Nxd4 Qxd4 9. Be3 Bb4+ 10. Nc3 Bxc3+ 11. bxc3 Qg4 12. Bb5+ c6 13. Bd3 Qxg2 14.
O-O-O O-O 15. Rhg1 Qf3 16. Rg3 Qh5 17. Rdg1 g6 18. Bd4 Nd5 19. Rg5 Qh3 20. Qe2
Bf5 21. Bxf5 {Black resigns} 1-0

[Event "FICS rated blitz game"]
[Site "FICS freechess.org"]
[Date "2018.01.21"]
[Round "?"]
[White "Chessnan"]
[Black "cptkidd"]
[Result "0-1"]
[WhiteElo "1413"]
[BlackElo "1286"]
[PlyCount "44"]
[EventDate "2018.??.??"]
[EventType "blitz"]

1. e4 e5 2. Nf3 Nc6 3. c3 Nf6 4. Bd3 d5 5. exd5 Nxd5 6. O-O Bg4 7. h3 Bh5 8. g4
Bg6 9. Bxg6 fxg6 10. Nxe5 Nxe5 11. d4 Nc6 12. c4 Nf6 13. Re1+ Be7 14. d5 Na5
15. g5 Nh5 16. b3 O-O 17. Qe2 Bxg5 18. Ba3 Nf4 19. Qg4 Rf7 20. Nc3 h5 21. Re8+
Qxe8 22. Qxg5 Nxh3+ {White resigns} 0-1

[Event "FICS rated blitz game"]
[Site "FICS freechess.org"]
[Date "2018.01.21"]
[Round "?"]
[White "lopencjo"]
[Black "elrodtherocker"]
[Result "1-0"]
[WhiteElo "1853"]
[BlackElo "1626"]
[PlyCount "135"]
[EventDate "2018.??.??"]
[EventType "blitz"]

1. e4 e5 2. Nf3 Nc6 3. c3 d5 4. Bb5 f6 5. Qa4 Nge7 6. exd5 Qxd5 7. O-O Bd7 8.
d4 e4 9. Nfd2 a6 10. Bc4 Qf5 11. Qb3 O-O-O 12. Bd5 Qxd5 13. c4 Qxd4 14. Nc3 Na5
15. Qc2 Nxc4 16. Ndxe4 Ne5 17. Be3 Qc4 18. b3 Qc6 19. Rac1 Nf5 20. Bf4 Ba3 21.
Rcd1 Be6 22. Rde1 Nd4 23. Qb1 g5 24. Bxe5 fxe5 25. Re3 Bf5 26. f3 Bxe4 27. Nxe4
Bc5 28. Nxc5 Qxc5 29. Kh1 h6 30. Rc1 Qb6 31. Rxe5 Rhe8 32. Rce1 Rxe5 33. Rxe5
Nc6 34. Re1 Qd4 35. Qf5+ Kb8 36. h3 Qd2 37. Rg1 Qf4 38. Qc2 Rd2 39. Qc4 Qxc4
40. bxc4 Rxa2 41. Re1 Rc2 42. Re8+ Ka7 43. Re6 Rxc4 44. Rxh6 Rc5 45. Rg6 a5 46.
g3 a4 47. Re6 a3 48. Re2 Ra5 49. Ra2 Nb4 50. Ra1 a2 51. Kg2 Nc2 52. Rxa2 Rxa2
53. g4 Nd4+ 54. Kg3 Ne6 55. h4 Nf4 56. hxg5 Rg2+ 57. Kxf4 c5 58. g6 c4 59. g7
Rh2 60. g8=Q Rh3 61. Qxc4 Kb8 62. Qa4 Rxf3+ 63. Kxf3 b5 64. Qxb5+ Kc7 65. Kf4
Kc8 66. Qc5+ Kd8 67. Qa7 Ke8 68. Ke5 1-0

[Event "FICS rated blitz game"]
[Site "FICS freechess.org"]
[Date "2018.01.21"]
[Round "?"]
[White "popmusic"]
[Black "Coxybleue"]
[Result "0-1"]
[WhiteElo "1215"]
[BlackElo "1325"]
[PlyCount "52"]
[EventDate "2018.??.??"]
[EventType "blitz"]

1. e4 e5 2. Nf3 Nc6 3. c3 Nf6 4. d3 Bc5 5. Bg5 O-O 6. b4 Bb6 7. b5 Na5 8. Na3
d6 9. Nc4 Nxc4 10. dxc4 Bg4 11. Bxf6 Qxf6 12. h3 Bh5 13. g4 Bg6 14. Bd3 c6 15.
a4 a6 16. bxc6 bxc6 17. a5 Bc5 18. Qa4 d5 19. Qxc6 Qxc6 20. Nxe5 Qd6 21. f4
dxe4 22. Bxe4 Bxe4 23. Rd1 Qh6 24. g5 Qh4+ 25. Kd2 Qxf4+ 26. Ke2 Qf2# {White
checkmated} 0-1

[Event "FICS rated standard game"]
[Site "FICS freechess.org"]
[Date "2018.01.21"]
[Round "?"]
[White "mesli"]
[Black "vandi"]
[Result "1-0"]
[WhiteElo "1721"]
[BlackElo "1797"]
[PlyCount "43"]
[EventDate "2018.??.??"]

1. e4 e5 2. Nf3 Nc6 3. c3 Nf6 4. Qc2 Bc5 5. Bc4 O-O 6. O-O d5 7. exd5 Nxd5 8.
d4 exd4 9. Ng5 Nf6 10. b4 Bb6 11. a4 Ne5 12. cxd4 Nxc4 13. Qxc4 Bxd4 14. Ra3 h6
15. Nf3 c5 16. bxc5 Bxf2+ 17. Rxf2 Be6 18. Qc2 Rc8 19. a5 Qd7 20. Rd2 Qc6 21.
Rc3 Ne4 22. Ne5 {Black resigns} 1-0

[Event "FICS rated blitz game"]
[Site "FICS freechess.org"]
[Date "2018.01.21"]
[Round "?"]
[White "freshwater"]
[Black "Nunki"]
[Result "1-0"]
[WhiteElo "1337"]
[BlackElo "1065"]
[PlyCount "93"]
[EventDate "2018.??.??"]
[EventType "blitz"]

1. e4 e5 2. Nf3 Nc6 3. c3 d5 4. exd5 Qxd5 5. d3 Bg4 6. Be2 O-O-O 7. c4 Qa5+ 8.
Bd2 Qb6 9. b3 Nd4 10. Nxd4 exd4 11. Bxg4+ Kb8 12. O-O Bd6 13. a4 a6 14. a5 Qc6
15. Bf3 Qd7 16. b4 Nf6 17. c5 Be5 18. Na3 c6 19. Nc4 Bc7 20. Qc1 Ng4 21. Bxg4
Qxg4 22. h3 Qh4 23. Bg5 Qh5 24. Bxd8 Bxd8 25. Nd6 f5 26. Qf4 Bc7 27. Rae1 g5
28. Qxd4 Rd8 29. Re5 g4 30. Rxf5 Qg6 31. Qxg4 Bxd6 32. cxd6 Qxd6 33. Qg3 Kc8
34. Qxd6 Rxd6 35. Rf8+ Kc7 36. Rf7+ Rd7 37. Rxd7+ Kxd7 38. Re1 h5 39. Re5 h4
40. Rh5 Kd6 41. Rxh4 c5 42. bxc5+ Kxc5 43. Rh5+ Kb4 44. f4 Kc3 45. g4 Kxd3 46.
Re5 Kd4 47. g5 {Black resigns} 1-0

[Event "FICS rated blitz game"]
[Site "FICS freechess.org"]
[Date "2018.01.21"]
[Round "?"]
[White "Jephtah"]
[Black "Tcpuig"]
[Result "1-0"]
[WhiteElo "1502"]
[BlackElo "1252"]
[PlyCount "57"]
[EventDate "2018.??.??"]
[EventType "blitz"]

1. e4 e5 2. Nf3 Nc6 3. c3 Bc5 4. b4 Bb6 5. a4 a6 6. a5 Ba7 7. Bc4 Nf6 8. d3 h6
9. O-O O-O 10. h3 d6 11. Be3 Be6 12. Bxe6 fxe6 13. Bxa7 Nxa7 14. Qb3 Qd7 15.
Nbd2 Nc6 16. Nh4 Qf7 17. Rae1 g5 18. Nhf3 Nh5 19. g3 Qg6 20. Kg2 g4 21. Nh4
gxh3+ 22. Kxh3 Qg5 23. Qxe6+ Rf7 24. Ndf3 Qg7 25. Nf5 Qh7 26. Nxh6+ Kf8 27. Ng5
Nd8 28. Nxh7+ Rxh7 29. Qg8+ {Black resigns} 1-0

[Event "FICS rated standard game"]
[Site "FICS freechess.org"]
[Date "2018.01.21"]
[Round "?"]
[White "louarn"]
[Black "nicolaimanusb"]
[Result "1-0"]
[WhiteElo "1421"]
[BlackElo "1508"]
[PlyCount "80"]
[EventDate "2018.??.??"]

1. e4 e5 2. Nf3 Nc6 3. c3 Nf6 4. d3 h6 5. Be2 Be7 6. O-O O-O 7. Be3 Ng4 8. Nfd2
d6 9. Bxg4 Bg5 10. Bxc8 Rxc8 11. Bxg5 Qxg5 12. Nf3 Qg6 13. Qb3 b6 14. Qd5 Ne7
15. Qb3 c5 16. Na3 Qe6 17. Qxe6 fxe6 18. Nb5 d5 19. exd5 exd5 20. Nxe5 Rce8 21.
Nxa7 Nf5 22. Nf3 Re2 23. Rab1 c4 24. dxc4 dxc4 25. Nb5 g5 26. Nfd4 Nxd4 27.
Nxd4 Re5 28. Rfe1 Rxe1+ 29. Rxe1 g4 30. h3 gxh3 31. gxh3 Kg7 32. Kg2 Kg6 33.
Re3 h5 34. Rg3+ Kh7 35. Ne6 Rf6 36. Nd4 h4 37. Rg4 Rh6 38. Nf5 Rh5 39. Nd6 Kh6
40. Nxc4 b5 {Black resigns} 1-0

[Event "FICS rated blitz game"]
[Site "FICS freechess.org"]
[Date "2018.01.21"]
[Round "?"]
[White "proximab"]
[Black "suniyer"]
[Result "1-0"]
[WhiteElo "2076"]
[BlackElo "1800"]
[PlyCount "59"]
[EventDate "2018.??.??"]
[EventType "blitz"]

1. e4 e5 2. Nf3 Nc6 3. c3 Nf6 4. d4 Nxe4 5. d5 Nb8 6. Bd3 Nf6 7. Nxe5 d6 8. Nf3
Be7 9. Qb3 Na6 10. Bb5+ Bd7 11. Bxd7+ Nxd7 12. Qxb7 Nac5 13. Qb5 O-O 14. O-O a6
15. Qb4 Rb8 16. Qg4 Nf6 17. Qc4 a5 18. Nd4 Qd7 19. Nc6 Rfe8 20. b4 axb4 21.
cxb4 Nb7 22. Nxb8 Rxb8 23. Nc3 Bf8 24. Bg5 Ne8 25. Qe4 g6 26. Rae1 Bg7 27. Qf3
h6 28. Re7 Qd8 29. Rfe1 hxg5 30. Qxf7+ {Black resigns} 1-0

[Event "FICS rated blitz game"]
[Site "FICS freechess.org"]
[Date "2018.01.21"]
[Round "?"]
[White "denk"]
[Black "JoaoC"]
[Result "1-0"]
[WhiteElo "1379"]
[BlackElo "1489"]
[PlyCount "95"]
[EventDate "2018.??.??"]
[EventType "blitz"]

1. e4 e5 2. Nf3 Nc6 3. c3 d6 4. Bc4 Bg4 5. O-O Be7 6. Qb3 Nh6 7. Qxb7 Bd7 8.
Bd5 Rb8 9. Qa6 Rb6 10. Qe2 O-O 11. d4 exd4 12. Bxh6 gxh6 13. cxd4 Bf6 14. e5
dxe5 15. Bxc6 Bxc6 16. dxe5 Bxf3 17. Qxf3 Bxe5 18. Nc3 Rxb2 19. Rad1 Qf6 20.
Qg4+ Qg6 21. Qc4 Bxc3 22. Qxc3 Rxa2 23. Qxc7 a5 24. Qc4 Qe6 25. Qf4 Kg7 26. Rd3
Kh8 27. Qd4+ f6 28. Re3 Qf7 29. Qh4 Re8 30. Rxe8+ Qxe8 31. Qxh6 Qg6 32. Qf8+
Qg8 33. Qxf6+ Qg7 34. Qd8+ Qg8 35. Qd4+ Qg7 36. Qc4 Rb2 37. Re1 h5 38. Re8+ Kh7
39. Qe4+ Qg6 40. Re7+ Kh6 41. Qe3+ Qg5 42. Re6+ Kh7 43. Qe4+ Kh8 44. Re8+ Kg7
45. Qd4+ Qf6 46. Rg8+ Kf7 47. Rf8+ Kxf8 48. Qxf6+ {Black resigns} 1-0